00608nam a2200181Ia 4500008004100000040001900041041001200060082002800072100001900100245008700119260003600206300000900242650002700251850002200278942000700300999001700307952010200324131103s9999 xx 000 0 und d aLoreto College aEnglish a891.431/DIN-BALbLCLIB/ aBali,Taraknath aRamdhari Singh Dinkar aur unka Kurukshetrab Alochana ebang tika cTaraknath Bali aAgrabVinod Pustak Mandirc1959 a213p aHindi poetry-criticism aLCLIB/891.431/DIN cBK c19771d70250 00104070aMAINbMAINd2013-11-04l0o891.431/DIN-BAL LCLIB/pB21379r2013-11-04w2013-11-04yBK